00845nam a2200181 a 450000100100000000500170001000800410002702000150006804000250008310000280010824502390013626000730037530000270044854600320047570000340050795201050054199900170064600004196420201002035846.0131025s1992 sp 000 0 spa d a8400072383 aDO-SdBNPbspacBNPHU1 aMaltrás, Bruno96372010aProducción Científica Española 1981-89 (SCI CD-ROM) = Spanish scientific production 1981-89 (SCI CD-ROM) :binforme EPOC. Universidad de Salamanca = EPOC report. University of Salamanca /cBruno Maltrás, Miguel A. Quintanilla. aMadrid, :bConsejo Superior de Investigaciones Científicas,c1992. axvii, 319 p. ;c30 cm. aTexto en español e ingles1 aQuintanilla, Miguel A.963721 001050718MOaGRbGRcCTd2013-10-25iLF1l0o p41964-10r2020-06-25w2020-06-25y1ZNo se presta c41453d41453